| 000 | 00476nam a2200181Ia 4500 | ||
|---|---|---|---|
| 005 | 20250423100245.0 | ||
| 008 | 250422s9999 xx 000 0 und d | ||
| 020 | _a9782116742 | ||
| 050 | _aHG 221 .A59/ | ||
| 100 | _aAnyanwu, J.C. | ||
| 245 | 0 | _aMonetary economics: theory, policy and institutions | |
| 260 | _aOnitsha | ||
| 260 | _bHybrid Publisher LTD | ||
| 260 | _c2009 | ||
| 300 | _a439 p | ||
| 650 | _aMoney. Monetary policy. Balance of payments. | ||
| 942 | _cBK | ||
| 999 |
_c32755 _d32755 |
||